000 00403nam a2200145Ia 4500
008 100204s9999 xx 000 0 und d
082 _b7644
100 _aलागू चिंतामणी
245 _aधुंद
260 _b"उदयदीप प्रकाशन , मुंबई"
_c1985
300 _a172
630 _aधुंद
730 _aधुंद
942 _cBOOK
999 _c452080
_d452077